000 00775nam a2200253 i 4500
001 114868
003 ES-MaACL
007 t|
008 070205s1952 ag ||||1| spa d
080 _a616.43/.47
080 _a616.839
100 1 _aCastillo, Enrique B. del.
_936682
245 1 0 _aSecreciones internas /
_cpor el Doctor Enrique B. del Castillo ; Neurovegetativo / por el Doctor Pedro C. Rospide.
250 _a5ª ed.
260 _aBuenos Aires :
_bEl Ateneo,
_c1952.
300 _a310 p. :
_bil. ;
_c23 cm.
490 1 _aBiblioteca de semiología ;
_v6
504 _aIndice.
700 1 _aRospide, Pedro C.
_999803
740 0 _aNeurovegetativo.
830 0 _aBiblioteca de semiología ;
_v6
_9185784
852 _aES-MaACL
_jE-4627
999 _c114868
_d114868